| 000 | 00940cam a2200241 4500 | ||
|---|---|---|---|
| 008 | 090401t1995 xxu||||| |||| 00| 0 eng d | ||
| 020 | _a0415093007 | ||
| 035 | _a(Sirsi) u27623 | ||
| 041 | _aeng | ||
| 050 | _a711.52 | ||
| 100 | _aBlackman, Tim | ||
| 245 | _aUrban policy in practice. | ||
| 260 |
_aLondon _bRoutledge _c1995 |
||
| 300 | _axiv,337p. ; 24cm. | ||
| 350 | _a14.99 | ||
| 520 | _aThis practical guide to urban policy in contemporary Britain covers a range of topics including quality and consumerism in the public sector, community development, public health, environmental issues, and local intervention in the creation of skills and jobs. Case studies are drawn from housing, planning, the social services, economic development, and local government finance. | ||
| 650 | _aGOVERNMENT | ||
| 650 | _aLOCAL AUTHORITIES | ||
| 650 | _aURBAN AREAS | ||
| 650 | _aURBAN POLICY | ||
| 690 | _aURBAN RENEWAL | ||
| 942 | _n0 | ||
| 999 |
_c89138 _d89138 |
||